000 00669nam a2200289Ia 4500
005 20260324120847.0
008 008 260324s9999 xx 000 0 eng d
020 _a9780429476389
037 _aEBOOK
040 _aCRL
040 _beng
040 _cCRL
041 _2eng
041 _aeng
084 _qCRL
100 _aIsabel Sanfeliu
_91160255
245 0 _aKarl Abraham
245 4 _bThe Birth of Object Relations Theory
260 _bTaylor and Francis
260 _c2014
365 _a
365 _b205
856 _uhttp://www.taylorfrancis.com/books/9780429476389
942 _cEBOOK
999 _c1751998
_d1751998